000
00331 a2200157 4500
001
160418
020
_a
040
_c
Magnum
100
_a
Bauer, Carlos
240
1
0
_a
A amiguinha que eu encontrei
_l
por
245
1
0
_a
A amiguinha que eu encontrei
362
0
_a
1899
440
1
_a
Paulinas
697
_a
I/GERAL
942
_c
BK
999
_c
160418
_d
160418